LEADER 01107nam a2200277 i 4500 001 000000222407 003 CaOOAMICUS 005 20130912000000.0 008 130912s2011 it u000 u ita u 013 $a201304 020 $a978-88-02-08413-8 040 $aSeMil$bita 100 1 $aSotgiu, Marco.$0(OLS)http://semarc/name/77703 245 10$aM-346 :$bbiografia di un aereo /$cMarco Sotgiu. 260 $aTorino :$bUTET Libreria,$c2011. 300 $a195 p., [4] carte di tav. :$bill. ;$c24 cm. 500 $aCon dedica autografa. - Fondo card. C. M. Martini. 650 4$aAviazione.$0(OLS)http://semarc/subject/8719 650 4$aAlenia Aermacchi .$0(OLS)http://semarc/subject/40655 850 $aSeMil 852 $aSeMil$W1$xVenegono$y1$m3X IV 33$j172753$B172753$CSeMilBibl$Z2$F185769 $81 941 1 $a4 961 $aLascito: Martini Card. Carlo Maria 996 $6020$a978-88-02-08413-8$9(OLS)http://semarc/number/221978 996 $6245$aM-346 :$bbiografia di un aereo$9(OLS)http://semarc/title/318775 996 $6260$aTorino :$bUTET Libreria$9(OLS)http://semarc/publisher/32208 LEADER 01028nam a2200253 i 4500 001 000000126334 003 CaOOAMICUS 005 20240718160253.0 008 040517s1988 it u000 u ita u 013 $a99039 040 $aSeMil$bita 100 1 $aLombardi, Gabrio ,$d<1913-1994>.$0(OLS)http://semarc/name/8589 245 10$aPerché il referendum sul divorzio? :$b1974 e dopo /$cGabrio Lombardi. 260 $aMilano :$bAres,$cstampa 1988. 300 $a99 p. ;$c18 cm. 490 0 $aSagitta. Nuova serie [Ares]v34 650 4$aDivorzio - Italia - Referendum <1974>.$0(OLS)http://semarc/subject/10307 830 0$aSagitta. Nuova serie ;$v34.$0(OLS)http://semarc/title/10348 850 $aSeMil 852 $aSeMil$W1$xVenegono$y1$m3N I 231$j80710$B80710$CSeMilBibl$Z2$F83161 $81 961 $aLascito: Luzzini don Angelo 996 $6245$aPerché il referendum sul divorzio? :$b1974 e dopo$9(OLS)http://semarc/title/186219 996 $6260$aMilano :$bAres$9(OLS)http://semarc/publisher/30250